| 000 | 00458nam a2200121Ia 4500 | ||
|---|---|---|---|
| 008 | 171212s9999 xx 000 0 und d | ||
| 020 | _a9781922064486 | ||
| 100 | _aBurton, T. L. | ||
| 245 |
_cBurton, T. L. _aThe Sound of William Barnes's Dialect Poems _b1. Poems of Rural Life in the Dorset Dialect, first collection (1844) |
||
| 260 |
_bUniversity of Adelaide Press _c2013 |
||
| 650 | _aLanguage & Literature | ||
| 856 | _uhttp://jstor.org/stable/j.ctt1sq5x20 | ||
| 999 |
_c352949 _d352949 |
||